000 00266nam a2200109Ia 4500
008 170627s9999 xx 000 0 und d
100 _aROBBINS- STEPHEN P.
245 0 _aORGANIZATIONAL BEHAVIOUR
260 _bPEARSON
260 _c2005
546 _aENGLISH
690 _aORGANIZATIONAL BEHAVIOUR
999 _c35373
_d35373